Normal view
MARC view
Entry Personal Name
001 - CONTROL NUMBER
- control field: 24658
003 - CONTROL NUMBER IDENTIFIER
- control field: ARRUPE
005 - DATE AND TIME OF LATEST TRANSACTION
- control field: 20160810094715.0
008 - FIXED-LENGTH DATA ELEMENTS
- fixed length control field: 160810|| aca||aabn | a|a d
040 ## - CATALOGING SOURCE
- Original cataloging agency: ARRUPE
- Transcribing agency: ARRUPE
100 ## - HEADING--PERSONAL NAME
- Personal name: Bruce, F. F.
- Fuller form of name: (Frederick Fyvie),
- Dates associated with a name: 1910-1990.
670 ## - SOURCE DATA FOUND
- Source citation: Work cat.: (ARRUPE)0: Bruce, F. F. (Frederick Fyvie), 1910-1990., Peter, Stephen, James, and John :, 1980.